| Поле | Инд. | ПП | Название | Значение |
|---|---|---|---|---|
| Тип записи | a | |||
| Библиографический уровень | m | |||
| 001 | Контрольный номер | 8e7f809d-bad0-442f-931d-e1c80a159c67 | ||
| 005 | Дата корректировки | 20140227000804.7 | ||
| 008 | Кодируемые данные | 021217 | ||
| 020 | a | ISBN | 5-9221-0123-4 | |
| c | Цена, тираж | 227.00 | ||
| 020 | a | ISBN | 5-9221-0054-X | |
| 040 | a | Служба первич. каталог. | НБ ТвГУ | |
| 041 | a | Код языка текста | rus | |
| 080 | a | Индекс УДК | 530.1(075.8) | |
| a | Индекс УДК | 537.8(075.8) | ||
| 084 | a | Индекс другой классификации/Индекс ББК | В31я731-1 | |
| a | Индекс другой классификации/Индекс ББК | В313.22я731-1 | ||
| 090 | a | Полочн. индекс | В31 | |
| x | Авторский знак | Л22 | ||
| 100 | 1_ | a | Автор | Ландау Лев Давидович |
| 245 | 10 | a | Заглавие | Теоретическая физика |
| b | Продолж. заглавия | Учеб. пособие для студентов физ. специальностей ун-тов | ||
| c | Ответственность | Л. Д. Ландау и Е. М. Лифшиц; Под ред. Л. П. Питаевского | ||
| n | Номер части/ раздела | Т. 8 | ||
| p | Название части/ раздела | Электродинамика сплошных сред | ||
| 250 | a | Основные сведения об издании | 3-е изд. | |
| b | Дополнительные сведения об издании | стер. | ||
| 260 | 0_ | a | Место издания | Москва |
| b | Издательство | ФИЗМАТЛИТ | ||
| c | Дата издания | 2001 | ||
| 300 | a | Объем | 651 с. | |
| b | Иллюстрации/ тип воспроизводства | ил. | ||
| 440 | a | Серия | Теоретическая физика : В 10 т. | |
| 490 | _0 | v | N тома | Т. 8 |
| 504 | a | Библиография | Предм. указ.: с.646-651. | |
| 583 | a | Действие | Получение впервые 500 17.12.2002 | |
| k | Исполнитель действия | ООО "Книжный мир" | ||
| 650 | a | Основная рубрика | Физика теоретическая | |
| x | Основная подрубрика | Учебники для вузов | ||
| 650 | a | Основная рубрика | Сплошные среды | |
| x | Основная подрубрика | Электродинамика | ||
| 653 | a | Ключевые слова | Теоретическая физика | |
| a | Ключевые слова | Физика | ||
| a | Ключевые слова | Электродинамика сплошных сред | ||
| 700 | 1_ | a | Другие авторы | Лифшиц Евгений Михайлович |
| e | Роль лиц | авт. | ||
| 700 | 1_ | a | Другие авторы | Питаевский Лев Петрович |
| e | Роль лиц | ред. | ||
| 852 | t | Порядковый номер экземпляра | 24 | |
| p | Инвентарный номер | 759126 | ||
| p | Инвентарный номер | 759150 | ||
| p | Инвентарный номер | 759149 | ||
| p | Инвентарный номер | 759148 | ||
| p | Инвентарный номер | 759147 | ||
| p | Инвентарный номер | 759146 | ||
| p | Инвентарный номер | 759145 | ||
| p | Инвентарный номер | 759144 | ||
| p | Инвентарный номер | 759143 | ||
| p | Инвентарный номер | 759142 | ||
| p | Инвентарный номер | 759141 | ||
| p | Инвентарный номер | 759140 | ||
| p | Инвентарный номер | 759139 | ||
| p | Инвентарный номер | 759138 | ||
| p | Инвентарный номер | 759136 | ||
| p | Инвентарный номер | 759135 | ||
| p | Инвентарный номер | 759134 | ||
| p | Инвентарный номер | 759133 | ||
| p | Инвентарный номер | 759132 | ||
| p | Инвентарный номер | 759131 | ||
| p | Инвентарный номер | 759130 | ||
| p | Инвентарный номер | 759129 | ||
| p | Инвентарный номер | 759128 | ||
| p | Инвентарный номер | 759127 | ||
| 888 | a | За счет средств университета | ||
| 930 | a | Новая/Ретро | учебники | |
| 952 | p | 500.2002 227.00 1 759126 | ||
| p | 500.2002 227.00 1 759127 | |||
| p | 500.2002 227.00 1 759128 | |||
| p | 500.2002 227.00 1 759129 | |||
| p | 500.2002 227.00 1 759130 | |||
| p | 500.2002 227.00 1 759131 | |||
| p | 500.2002 227.00 1 759132 | |||
| p | 500.2002 227.00 1 759133 | |||
| p | 500.2002 227.00 1 759134 | |||
| p | 500.2002 227.00 1 759135 | |||
| p | 500.2002 227.00 1 759136 | |||
| p | 500.2002 227.00 1 759137 | |||
| p | 500.2002 227.00 1 759138 | |||
| p | 500.2002 227.00 1 759139 | |||
| p | 500.2002 227.00 1 759140 | |||
| p | 500.2002 227.00 1 759141 | |||
| p | 500.2002 227.00 1 759142 | |||
| p | 500.2002 227.00 1 759143 | |||
| p | 500.2002 227.00 1 759144 | |||
| p | 500.2002 227.00 1 759145 | |||
| p | 500.2002 227.00 1 759146 | |||
| p | 500.2002 227.00 1 759147 | |||
| p | 500.2002 227.00 1 759148 | |||
| p | 500.2002 227.00 1 759149 | |||
| p | 500.2002 227.00 1 759150 | |||
| c | Вид литературы | К ру | ||
| 954 | a | Дата поступления на обработку | 20021223 | |
| 999 | a | Подразделение 2 | Фил3 |